000 00449nam a22001217a 4500
999 _c509517
_d509517
082 _aAPPPA 2018-19\DAS
100 _aDas, Madhumita
_95448
245 _aFurthering financial inclusion :
_brole of India Post Payments Bank
_cby Madhumita Das
260 _aNew Delhi
_bIndian Institute of Public Administration
_c2019
300 _a197p.
500 _a APPPA Dissertation , 2018-19 (Guide : Dr. Charru Malhotra)
650 _aPostal service -- India
_96329